| 000 | 01226cab a2200409 4500 | ||
|---|---|---|---|
| 001 | ABS49207 | ||
| 008 | 090401t1993 xxu||||| |||| 00| 0 eng d | ||
| 035 | _a(Sirsi) u70342 | ||
| 041 | _aeng | ||
| 100 | _aTurner, R.H. | ||
| 245 | _aConstruction management - Arabian Gulf region | ||
| 260 | _c1993 | ||
| 350 | _a0 | ||
| 490 |
_aInternational Construction Law Review _v10(3) July 1993, 300-325(13) |
||
| 520 | _aDetails the legal systems of the countries in the Arabian Gulf concentrating on construction law and contracts. | ||
| 650 | _aARABIAN GULF | ||
| 650 | _aBAHRAIN | ||
| 650 | _aBONDING | ||
| 650 | _aBUILT ENVIRONMENT-BUILDING CONTRACT FORMS | ||
| 650 |
_aCONSTRUCTION MANAGEMENT _96230 |
||
| 650 | _aDESIGN AND BUILD | ||
| 650 | _aFIDIC | ||
| 650 | _aGULF CON-OPERATION COUNCIL | ||
| 650 | _aKUWAIT | ||
| 650 | _aMANAGEMENT CONTRACTING | ||
| 650 | _aMIDDLE EAST | ||
| 650 | _aOMAN | ||
| 650 | _aQATAR | ||
| 650 | _aRICS APPRAISAL AND VALUATION MANUAL | ||
| 650 | _aSAUDI ARABIA | ||
| 650 | _aUNITED ARAB EMIRATES | ||
| 650 | _aYELLOW BOOK | ||
| 690 | _aBUILT ENVIRONMENT-BUILDING CONTRACT FORMS | ||
| 690 | _aOVERSEAS-REST OF THE WORLD | ||
| 942 | _n0 | ||
| 948 | _c04/03/1997 | ||
| 999 |
_c44229 _d44229 |
||